Obálka
Pro půjčování e-knih musíte být přihlášeni.
Jak si půjčit online?

Projekt pes : (ten můj) /

Vyprávění o Honzovi, který si ze všeho nejvíc přeje mít svého psa. Aby přesvědčil rodiče, vymyslí si dobrodružný Projekt pes.

Uloženo v:
Hlavní autor: Hlavinková, Lucie, 1974- (Autor)
Další autoři: Tůma, Daniel, 1978- (Autor), Nováková, Jindřiška, 1954- (Režisér), Lněnička, Petr, 1979- (Režisér)
Médium: E-audiokniha
Jazyk:Czech
Vydáno: Praha : Albatros, [2019]
Témata:
Tagy:
Žádné tagy
LEADER 02737nim a2200697 i 4500
001 313070
003 CZ PrSKC
005 20260601215734.0
007 sd fungnnmmned
008 190910t20192019xr nnnnj h n cze
015 |a cnb003132317 
024 3 |a 8594050427945 
040 |a ABA001  |b cze  |e rda 
072 7 |a 821.162.3-3  |x Česká próza  |2 Konspekt 
072 7 |a 821-93  |x Literatura pro děti a mládež (beletrie)  |2 Konspekt 
080 |a 821.162.3-32  |2 MRF 
080 |a (0:82-32)  |2 MRF 
080 |a (086.7.053.2)  |2 MRF 
080 |a (086.7)08  |2 MRF 
080 |a (086.76)  |2 MRF 
100 1 |a Hlavinková, Lucie,  |d 1974-  |7 xx0212699  |4 aut 
245 1 0 |a Projekt pes :  |b (ten můj) /  |c Lucie Hlavinková 
264 1 |a Praha :  |b Albatros,  |c [2019] 
264 4 |c ©2019 
300 |a 1 audiodisk (1 hod., 53 min.) ;  |c 12 cm 
306 |a 015300 
336 |a mluvené slovo  |b spw  |2 rdacontent 
337 |a audio  |b s  |2 rdamedia 
338 |a audiodisk  |b sd  |2 rdacarrier 
344 |a digital  |b optical  |2 rda 
347 |a audio soubor  |b MP3  |2 rda 
500 |a Název z disku 
500 |a Copyright Albatros Media 
500 |a Nezkrácená audiokniha ve formátu MP3 
500 |a Podle stejnojmenné knihy vydané nakladatelstvím Albatros v roce 2017 
508 |a Režie Daniel Tůma, Jindřiška Nováková 
511 0 |a Čte Petr Lněnička 
518 |o Nahráno  |d květen 2019  |p zvukové studio DAMU, Praha 
520 2 |a Vyprávění o Honzovi, který si ze všeho nejvíc přeje mít svého psa. Aby přesvědčil rodiče, vymyslí si dobrodružný Projekt pes. 
521 8 |a Pro posluchače od 9 let 
655 7 |a české příběhy  |7 fd133973  |2 czenas 
655 7 |a zvukové záznamy pro děti a mládež  |7 fd186726  |2 czenas 
655 7 |a audioknihy  |7 fd119452  |2 czenas 
655 7 |a kompaktní disky  |7 fd201991  |2 czenas 
700 1 |a Tůma, Daniel,  |d 1978-  |7 xx0131764  |4 drt 
700 1 |a Nováková, Jindřiška,  |d 1954-  |7 jn20010601354  |4 drt 
700 1 |a Lněnička, Petr,  |d 1979-  |7 xx0050210  |4 nrt 
900 |a ABA001  |b 18 
044 |a xr 
505 0 0 |t 01 (19 min., 9 sek.) 
505 0 0 |t 02 (12 min., 52 sek.) 
505 0 0 |t 03 (15 min., 43 sek.) 
505 0 0 |t 04 (9 min., 18 sek.) 
505 0 0 |t 05 (12 min., 32 sek.) 
505 0 0 |t 06 (9 min., 20 sek.) 
505 0 0 |t 07 (6 min., 12 sek.) 
505 0 0 |t 08 (20 min., 4 sek.) 
505 0 0 |t 09 (7 min., 53 sek.) 
910 |a RBIT002 
998 |d 206765  |a https://core.palmknihy.cz/api/books/206765/cover?she7zz  |b https://core.palmknihy.cz/api/books/206765/cover/400?she7zz  |c https://core.palmknihy.cz/api/books/206765/cover/50?she7zz  |e 2035-12-31  |i 8594050427945  |l 6780  |q 49  |r 1  |s https://www.palmknihy.cz/kniha/206765  |t audiobook  |y 2019  |z 0 
999 |d 313068